书目信息 |
| 题名: |
美术艺术知识与教学实践策略
|
|
| 作者: | 张帆 , 武鑫 , 张继之 著 | |
| 分册: | ||
| 出版信息: | 长春 吉林人民出版社 2021.06 |
|
| 页数: | 222页 | |
| 开本: | 23cm | |
| 丛书名: | ||
| 单 册: | ||
| 中图分类: | J114-4 | |
| 科图分类: | ||
| 主题词: | 美术教育--mei shu jiao yu--教学研究--高等学校 | |
| 电子资源: | ||
| ISBN: | 978-7-206-18154-2 | |
| 000 | 01078nam0 2200265 450 | |
| 001 | CAL 0120192888551 | |
| 005 | 20230217093112.0 | |
| 010 | @a978-7-206-18154-2@dCNY58.00 | |
| 100 | @a20220112d2021 em y0chiy0120 ea | |
| 101 | 0 | @achi |
| 102 | @aCN@b220000 | |
| 105 | @ay a 000yy | |
| 106 | @ar | |
| 200 | 1 | @a美术艺术知识与教学实践策略@Amei shu yi shu zhi shi yu jiao xue shi jian ce lue@f张帆, 武鑫, 张继之著 |
| 210 | @a长春@c吉林人民出版社@d2021.06 | |
| 215 | @a222页@d23cm | |
| 320 | @a有书目 (第221-222页) | |
| 330 | @a本书从美术艺术、美术知识、美术教育与教学、现象学美术教育、美术管理与美术实践、美术设计的实践应用、美术教学的案例分析等七个方面, 系统阐述了美术艺术理论知识与教学实践策略, 试图找到解决问题的对策, 以期进一步发展我国高校美术教育, 全面提高学生的学科素养和审美能力, 促进学生全面发展。 | |
| 606 | 0 | @a美术教育@Amei shu jiao yu@x教学研究@x高等学校 |
| 690 | @aJ114-4@v5 | |
| 701 | 0 | @a张帆@Azhang fan@4著 |
| 701 | 0 | @a武鑫@Awu xin@4著 |
| 701 | 0 | @a张继之@Azhang ji zhi@4著 |
| 801 | 0 | @aCN@bBJXHZP@c20230222 |
| 905 | @b1379378-81@dJ114-4@e176@f4 | |
| 美术艺术知识与教学实践策略/张帆, 武鑫, 张继之著.-长春:吉林人民出版社,2021.06 |
| 222页;23cm |
| ISBN 978-7-206-18154-2:CNY58.00 |
| 本书从美术艺术、美术知识、美术教育与教学、现象学美术教育、美术管理与美术实践、美术设计的实践应用、美术教学的案例分析等七个方面, 系统阐述了美术艺术理论知识与教学实践策略, 试图找到解决问题的对策, 以期进一步发展我国高校美术教育, 全面提高学生的学科素养和审美能力, 促进学生全面发展。 |
| ● |
| 相关链接 |
|
|
|
|
正题名:美术艺术知识与教学实践策略
索取号:J114-4/176
 
预约/预借
| 序号 | 登录号 | 条形码 | 馆藏地/架位号 | 状态 | 备注 |
| 1 | 1379378 | 213793787 | 第一样本阅览室/ [索取号:J114-4/176] | 在馆 | |
| 2 | 1379379 | 213793796 | 第一借阅区/ [索取号:J114-4/176] | 在馆 | |
| 3 | 1379380 | 213793803 | 第一借阅区/ [索取号:J114-4/176] | 在馆 | |
| 4 | 1379381 | 213793812 | 第一借阅区/ [索取号:J114-4/176] | 在馆 |